Quizzes
Events
Quiz Creation
Community
Videos
Private Events
Remove Ads
Sign In
Join for FREE
Feedback
Dark Mode
Quiz Categories
Sports
Geography
Music
Movies
Television
Just For Fun
Miscellaneous
History
Literature
Language
Science
Gaming
Entertainment
Religion
Holiday
For Kids
Quiz Lab
Recent
Popular Today
Quiz Kudos Today
Editor Picks
Curator Picks
Quizzes by...
Day
Popularity
Type
Ratings
Length
Year
Community
Subscriptions
Recent Discussions
Orange Saloon
Badges
Playlists
Quests
Create
Leaderboards
Showdown
Live 5
Trivia Bingo
Activity
Puzzle Library
Sporcle Events
Private Events
Virtual Trivia
Globe League
Become a Host
Pub Owners
SporcleCon
Opinionation
Our Games
Videos
Blog
Mobile Apps
Partnerships
Remove Ads and Go Orange
Feedback
Just For Fun
Clickable
Get the Picture
Humor
Quick Pick
Word Ladder
Missing Word
Mixed Word
Blitz
Minefield
This or That
Alphabet
Color
Typing
Sporcle
Puzzle
Word Play
Follow That Line
Logic
Just For Fun
Clickable
Get the Picture
Humor
Quick Pick
Word Ladder
Missing Word
Mixed Word
Blitz
Minefield
This or That
Alphabet
Color
Typing
Sporcle
Puzzle
Word Play
Follow That Line
Logic
Random Quiz
Search Sporcle
×
Quiz Lab
Quiz Lab
Just For Fun
finn
Type in answers that appear in a list
Type in answers that appear in a list
Classic
Best Score? Go Orange.
Adventure Time Finn Quiz Stats
Can you name the Adventure Time Finn Quiz?
By
The98Penguins
5m
11 Questions
413 Plays
413 Plays
413 Plays
Comments
Comments
Give Quiz Kudos
Give Quiz Kudos
-
- Ratings
hide this ad
Random Order
Randomize order of answers
Randomize order of answers
Replay
Link that replays current quiz
Next Quiz
Link to next quiz in quiz playlist
You Got
0%
They Got
Avg Score
64%
Avg Friend Score
Upgrade to see
Score Distribution
Jump to the score distribution portion of the page
Score
0/11
Timer
05:00
0
Plays Today
Hint
Answer
% Correct
Finn's best friend is-
-
-
Jake
82.8%
Finn's Species
Human
78.9%
Finn's Age
12
78%
What color are Finn's footsy pajamas
Red
78%
What color is Finn's hair
Blonde Yellow
74.8%
Finn has a game station called-
-
-
Beemo
63.7%
Finn's name in the pilot is-
-
-
Pen
58.8%
When Finn goes to the Ice Kingdom, he wears a-
-
-
Yellow Sweater
54.5%
Finn can_
_
_
_
_
_
_
_
his voice after eating a tiny computer
Autotune
52.8%
Finn is voiced by-
-
-
Jeremy Shada
45.3%
Finn was introduced in-
-
-
Slumber Party Panic
40.2%
Quiz Playlist
Details
Report
Send in Message
Add To Playlist
Classic:
Type in answers that appear in a list
Random Order:
Randomize order of answers
Last Updated: Feb 16, 2017
Quiz Scoreboard
CHALLENGE
Sign Up to Join the Scoreboard
Show All
Scores
Hide
Comments
May contain spoilers
Recently Published
Alphabetical 'K' Countries by Flag Minefield
by ylime102
Geography
3m
Pick 6: Fruits
by JohnFran
Miscellaneous
15s
Click the 1999 NBA Draft
by nibperrychub
Sports
2m
More to Explore
Quiz From the Vault
Featured Blog Post
15 Basketball Trivia Facts You Can Be March Mad About
hide this ad
You Might Also Like...
Tags
Adventure
Adventure Time
finn
Today's Top Quizzes in Just For Fun
Browse Just For Fun
hide this ad
Today's Top Quizzes in finn
Browse finn
Top Contributed Quizzes in Just For Fun
1
Pick 6: Letters
2
Seasons
3
Pick 6: Foods
4
Pick 6: Colors
5
Quick Pick: Spring Things
6
Just Another 1-25 Logic Puzzle
7
Four Seasons
8
Disney/Pixar Logic Puzzle
9
Reverse Eye-Numbing Numbers
10
LogiCrossword: Seasons of Year
Explore More
Trending Topics
Anime
Crossword
Marvel
Harry Potter
NBA
Disney
Kpop
Country
NFL
The Office
Puzzle
Soccer
WWE
Pokémon
Song
hide this ad
More By:
The98Penguins
Quiz
Plays
Rating
Category
Featured
Created
Adventure Time Random Quiz
7,683
1.68
Television
Mar 7, 2011
Adventure Time Marceline Quiz
6,428
1.23
Television
Mar 8, 2011
Adventure Time Princess Bubblegum Quiz
1,381
1.40
Just For Fun
Mar 8, 2011
Adventure Time LSP Quiz
1,122
2.17
Just For Fun
Mar 8, 2011
Adventure Time Quotes Quiz
414
1.00
Language
Mar 10, 2011
Go to Creator's Profile
Score Distribution
Quiz Creator Spotlight
The98Penguins
Follow
Send a Message
Quizzes Created
-
Created Quiz Play Count
-
More By This Creator
Popular Quizzes Today
1
Find the US States - No Outlines Minefield
2
Countries of Asia Without Outlines Minefield
3
Pick 6: Fruits
4
The Countries of the World
5
Alphabetical 'K' Countries by Flag Minefield
6
Find the US States
7
Click the 1999 NBA Draft
8
Match the Book to the Film X
More Just For Fun Quizzes
Quick Pick: Most-Broken Bones
Published
Trending Quizzes
Pick 6: Harry Potter
Pick 6: Mountains
Pick 6: NFL Teams
Pick 6: Movie Franchises
Pick 6: Golfers
Recently Updated
Women's Final Four Teams by Year
bhenderson79
Presidents Quartet II
eogle
Anything But Clue(do)
eogle
Anything But Oceanian Capitals
eogle
Anything But 7
eogle
Anything But Thing
eogle
Word Ladder: February 29
pecheneg
Song Title Questions
pecheneg
Women's NCAA Tournament #1 Seeds
pecheneg
Celebrity Mug Shots
pecheneg
Trending Topics
Marvel
Anime
Crossword
Disney
Kpop
NBA
Harry Potter
Soccer
Puzzle
WWE
Pokémon
Country
Song
NFL
The Office
Your Account Isn't Verified!
In order to create a playlist on Sporcle, you need to verify the email address you used during registration. Go to your
Sporcle Settings
to finish the process.
Report this User
Report this user for behavior that violates our
Community Guidelines
.
Details:
Send Report
Go to the Sporcle.com Mobile Site →
Comments